| 000 | 01604nab a2200229 i 4500 | ||
|---|---|---|---|
| 001 | 768714001 | ||
| 003 | CO-MdFUSB | ||
| 005 | 20240520091227.0 | ||
| 008 | 240520t1972 sp ||||| |||| 00| 0 spa d | ||
| 040 |
_bspa _cCO-MdFUSB _dCO-MdFUSB |
||
| 041 | _aspa | ||
| 100 |
_aOzment, Steven E., _d1919- _eautor |
||
| 245 |
_aMatrimonio y ministerio en las iglesias protestantes _c/ Steven E. Ozment ; traducido por Jesús Valiente Malla |
||
| 520 | _aEl concepto protestante del matrimonio de los clérigos se desarrolló en oposición al celibato sacerdotal y al monacato. Los reformadores se propusieron demostrar la superioridad de un clero ca- sado sobre un clero célibe en términos no sólo teológicos, sino también personales y sociales. Lo cierto es que se entretejían los hechos y las ideas. En este sentido tuvo importancia decisiva el hecho de que todos los «teólogos de Wittenberg>> se casaran en 1525 y que el mismo Lutero se uniera a Catalina von Bora el 13 de junio de aquel año. Es significativo que tanto por la fecha de su fundación (1502) como por las edades de sus profesores, la de Wittenberg fuera una de las más jóvenes entre las universidades alemanas. | ||
| 650 | 7 |
_aMatrimonio _9300 |
|
| 650 | 7 |
_aIglesias protestantes _9222 |
|
| 653 | _aCelibato y ministerio | ||
| 700 |
_aValiente Malla, Jesús, _etraductor |
||
| 773 | 0 |
_049450 _982646 _oR2568 _tRevista internacional de teología Concilium _w(CO-MdFUSB)8 _x0210-1041 _gNúmero 78, (septiembre - octubre, 1972), páginas: 197 -216 _qpágina: 197 |
|
| 942 | _cANA | ||
| 945 | _aCatherine Arias Alvarez - Practicante SENA | ||
| 999 |
_c69781 _d69781 |
||